[Event "Muensterland Verbandsklasse-A 0809"]
[Site "Germany"]
[Date "2008.12.06"]
[Round "4.3"]
[White "Colmer, Willi"]
[Black "Bueckers, Bernhard"]
[Result "1/2-1/2"]
[WhiteElo "1840"]
[BlackElo "1720"]
[PlyCount "45"]
[EventDate "2008.09.13"]
[EventType "team-tourn"]
[EventRounds "9"]
[EventCountry "GER"]
[SourceTitle "EXT 2010"]
[Source "ChessBase"]
[SourceDate "2010.11.25"]
[SourceVersion "1"]
[SourceVersionDate "2010.11.25"]
[SourceQuality "1"]
[WhiteTeam "Emsdetten Rochade"]
[BlackTeam "Metelen"]
[WhiteTeamCountry "GER"]
[BlackTeamCountry "GER"]

1. d4 d5 2. c4 e6 3. Nc3 Nf6 4. cxd5 exd5 5. Bg5 Be7 6. Nf3 Nbd7 7. e3 0-0 8. Bd3 c6 9. Qc2 Re8 10. 0-0 Ne4 11. Bxe7 Qxe7 12. Rab1 Ndf6 13. b4 a6 14. a4 h6 15. b5 axb5 16. axb5 c5 17. Ra1 Rxa1 18. Rxa1 Nxc3 19. Qxc3 c4 20. Bc2 Ne4 21. Qa5 Nd6 22. b6 Be6 23. Qb4 1/2-1/2

[Event "Muensterland Verbandsklasse-A 0708"]
[Site "Germany"]
[Date "2008.03.08"]
[Round "7.5"]
[White "Gerighausen, Karl Heinz"]
[Black "Colmer, Willi"]
[Result "1/2-1/2"]
[WhiteElo "1750"]
[BlackElo "1813"]
[PlyCount "48"]
[EventDate "2007.09.22"]
[EventType "team"]
[EventRounds "9"]
[EventCountry "GER"]
[SourceTitle "EXT 2009"]
[Source "ChessBase"]
[SourceDate "2008.11.26"]
[SourceVersion "1"]
[SourceVersionDate "2008.11.26"]
[SourceQuality "1"]
[WhiteTeam "Ibbenbueren"]
[BlackTeam "Emsdetten Rochade"]
[WhiteTeamCountry "GER"]
[BlackTeamCountry "GER"]

1. e4 c5 2. Nf3 g6 3. d4 Bg7 4. Nc3 cxd4 5. Nxd4 Nc6 6. Be3 Nf6 7. f3 0-0 8. Qd2 d5 9. exd5 Nxd5 10. Nxd5 Qxd5 11. Nxc6 Qxc6 12. 0-0-0 Be6 13. Qa5 Rac8 14. Rd2 Bf5 15. Bb5 Qe6 16. Qa3 Qe5 17. Ba4 b5 18. Bd4 Qf4 19. Bxg7 Kxg7 20. Bb3 Rfd8 21. Qa5 b4 22. Rhd1 Rd4 23. Qa6 Rcd8 24. Qe2 Rxd2 1/2-1/2

[Event "Muensterland Verbandsklasse-A 0708"]
[Site "Germany"]
[Date "2008.01.26"]
[Round "5.4"]
[White "Colmer, Willi"]
[Black "Dolle, Stephan"]
[Result "1-0"]
[WhiteElo "1813"]
[BlackElo "1779"]
[PlyCount "81"]
[EventDate "2007.09.22"]
[EventType "team"]
[EventRounds "9"]
[EventCountry "GER"]
[SourceTitle "EXT 2009"]
[Source "ChessBase"]
[SourceDate "2008.11.26"]
[SourceVersion "1"]
[SourceVersionDate "2008.11.26"]
[SourceQuality "1"]
[WhiteTeam "Emsdetten Rochade"]
[BlackTeam "Heiden II"]
[WhiteTeamCountry "GER"]
[BlackTeamCountry "GER"]

1. d4 d5 2. c4 c6 3. cxd5 cxd5 4. Nc3 e6 5. Nf3 Nf6 6. Bf4 Nc6 7. e3 a6 8. Bd3 h6 9. Rc1 Bd6 10. Ne5 0-0 11. 0-0 Qe7 12. Na4 Nb4 13. Bb1 Nd7 14. a3 Bxe5 15. dxe5 Nc6 16. Qc2 f5 17. exf6 Nxf6 18. Nb6 Ra7 19. Bb8 Bd7 20. Bxa7 Nxa7 21. Nxd7 Qxd7 22. Qc7 Nc6 23. Qxd7 Nxd7 24. f4 Nb6 25. Ba2 g5 26. g3 Kg7 27. fxg5 hxg5 28. Rxf8 Kxf8 29. e4 Ke7 30. exd5 Nxd5 31. Bxd5 exd5 32. Kf2 Kd6 33. Ke3 Ne5 34. Rc2 b6 35. h4 gxh4 36. gxh4 Ng4+ 37. Kd4 Nf6 38. Rg2 Ne4 39. Rg6+ Kc7 40. Kxd5 Nc5 41. Rg7+ 1-0

[Event "Steinfurt Bezirksliga 0607"]
[Site "Germany"]
[Date "2007.03.03"]
[Round "7.3"]
[White "Colmer, Willi"]
[Black "Janzen, Dieter"]
[Result "1/2-1/2"]
[WhiteElo "1834"]
[BlackElo "1740"]
[PlyCount "80"]
[EventDate "2006.09.09"]
[EventType "team-tourn"]
[EventRounds "9"]
[EventCountry "GER"]
[SourceTitle "EXT 2008"]
[Source "ChessBase"]
[SourceDate "2007.11.25"]
[SourceVersion "1"]
[SourceVersionDate "2007.11.25"]
[SourceQuality "1"]
[WhiteTeam "Emsdetten Rochade"]
[BlackTeam "Saerbeck II"]
[WhiteTeamCountry "GER"]
[BlackTeamCountry "GER"]

1. d4 Nf6 2. c4 c5 3. d5 b5 4. Qc2 bxc4 5. e4 d6 6. Bxc4 g6 7. Nf3 Bg7 8. 0-0 0-0 9. h3 Nbd7 10. Bf4 Nb6 11. Bd3 Bd7 12. Nc3 Nh5 13. Bh2 Rb8 14. Rfe1 Nf6 15. Rad1 Qc7 16. a4 Qb7 17. Nd2 Rfc8 18. b3 Bh6 19. Rb1 Re8 20. a5 Na8 21. Bc4 Nc7 22. Nf3 Bg7 23. Qd2 Rbd8 24. g4 Qc8 25. Qe3 h5 26. g5 Bxh3 27. gxf6 Qg4+ 28. Bg3 Bxf6 29. Bf1 Kg7 30. Bxh3 Qxh3 31. e5 dxe5 32. Bxe5 Nxd5 33. Nxd5 Rxd5 34. Bxf6+ Kxf6 35. Qf4+ Kg7 36. Qg3 Qxg3+ 37. fxg3 Rd3 38. Kf2 e6 39. Red1 Red8 40. Ke2 R3d5 1/2-1/2